Statistics for Christmas Traditions Around the World - Multiple Choice

Click here to take the quiz!

General Stats

  • This quiz has been taken 498 times
  • The average score is 4 of 10

Answer Stats

QuestionAnswer% Correct
In France, foie gras is a common delicacy eaten around Christmas time. It is traditionally made from a duck or goose, but which particular organ is most commonly chosen?Liver
77%
In the United Kingdom, a traditional dessert with Christmas dinner is the Christmas pudding. This pudding originates from medieval England, and was originally known as what?Plum pudding
76%
In Lithuania, Christmas Eve, known as Kūčios, is more important than Christmas Day itself. The Kūčios meal normally has many different dishes included, none of which contain meat. But how many dishes are traditionally included?12
57%
In Australia, people sometimes decorate their houses with a particular native plant called Ceratopetalum gummiferum. But what is the common name for this plant?Christmas Bush
50%
In Mexico, a 400+ year old tradition is that of Las Posadas. This involves singing and re-enactments of parts of the Nativity, with carols and piñatas broken into at the end of each night. But what shape do these piñatas typically take?Star
35%
In Denmark, the dessert of choice at Christmas is the Risalamande. This dish is similar to a rice pudding, however on Christmas eve a whole nut is hidden within the dessert, with a prize for the person who finds it. But what kind of nut is traditionally used?Almond
31%
In Italy, one of the most important ways of celebrating Christmas is the Nativity scene. But which Italian city is world famous for its Nativity scenes?Naples
27%
In the Philippines, the Christmas season begins very early, known as the world's longest Christmas season. But when does the countdown to Christmas traditionally begin?September 1st
23%
Christmas markets, originating in Germany, are extremely popular with the oldest market, Striezelmarkt, in the world attracting around 3 million visitors each year. But which city hosts it?Dresden
21%
In the United States, the traditional drink around Christmas time is Eggnog. But which part (or parts) of the egg are traditionally included in it?Both the egg white and egg yolk
20%

Score Distribution

Percentile by Number Answered

Percent of People with Each Score

Your Score History

You have not taken this quiz